Central Library OPAC University of Rajshahi

Art now : (Record no. 62714)

MARC details
000 -LEADER
fixed length control field 00734nam a2200241 a 4500
001 - CONTROL NUMBER
control field 62714
003 - CONTROL NUMBER IDENTIFIER
rucl marc code BD-RjUL
005 - DATE AND TIME OF LATEST TRANSACTION
control field 20211209081120.0
008 - FIXED-LENGTH DATA ELEMENTS--GENERAL INFORMATION
fixed length control field 170125s1960 enka 001 0 eng d
035 ## - SYSTEM CONTROL NUMBER
System control number (BD-RjUL)62841
040 ## - CATALOGING SOURCE
Original cataloging agency IRU
Transcribing agency IRU
Modifying agency BD-RjUL
Language of cataloging eng
041 ## - LANGUAGE CODE
Language code of text/sound track or separate title eng
082 ## - DEWEY DECIMAL CLASSIFICATION NUMBER
Edition number 23
Classification number 709.04
Author mark and year REA 1960
100 1# - MAIN ENTRY--PERSONAL NAME
Personal name Read, Herbert
9 (RLIN) 186409
245 10 - TITLE STATEMENT
Title Art now :
Remainder of title an introduction to the theory of modern painting and sculpture /
Statement of responsibility, etc. by Herbert Read
250 ## - EDITION STATEMENT
Edition statement new ed.
260 ## - PUBLICATION, DISTRIBUTION, ETC. (IMPRINT)
Place of publication, distribution, etc. London :
Name of publisher, distributor, etc. Faber and Faber,
Date of publication, distribution, etc. 1960.
300 ## - PHYSICAL DESCRIPTION
Pagination 128, 32 p. :
Illustrations ill. ;
Size 20 cm.
500 ## - GENERAL NOTE
General note Includes index.
650 #0 - SUBJECT ADDED ENTRY--TOPICAL TERM
Topical term or geographic name as entry element Art, Modern
Chronological subdivision 20th century.
9 (RLIN) 184707
Topical term or geographic name as entry element Aesthetics, Modern
Chronological subdivision 20th century.
9 (RLIN) 186410
942 ## - ADDED ENTRY ELEMENTS (KOHA)
Source of classification or shelving scheme Dewey Decimal Classification
Koha item type Books
Holdings
Lost status Source of classification or shelving scheme Damaged status Not for loan Collection code Permanent Location Current Location Shelving location Date acquired Source of acquisition Cost, normal purchase price Total Checkouts Full call number Date last seen Copy number Koha item type
  Dewey Decimal Classification   Not For Loan Non-fiction Central Library, University of Rajshahi Central Library, University of Rajshahi Reading Room 24/10/1990 Shoukat Osman, Dhaka 37.00   709.04 REA 1960 25/01/2017 C-1 Books